[Event "Elitserien Allsvenskan 2017-18"]
[Site "Lund"]
[Date "2017.10.21"]
[Round "2"]
[White "Sammalvuo, Tapani"]
[Black "Aronsson, Marten"]
[Result "1/2-1/2"]
[WhiteElo "2415"]
[BlackElo "2326"]
[Annotator "TA"]
[PlyCount "143"]
[EventDate "2017.??.??"]
[EventCountry "SWE"]
[SourceTitle "playchess.com"]
[Source "ChessBase"]
[SourceQuality "1"]

{[%evp 21,143,25,27,18,19,17,29,9,14,0,8,17,19,12,24,0,14,0,0,-9,-7,-20,-1,-23,-23,-39,-45,-35,-23,-23,-23,-42,-31,-35,-34,-35,-41,-45,-19,-29,-25,-40,-45,-46,-36,-36,-14,-33,-41,-44,0,-26,0,-28,-35,-30,0,0,0,0,0,0,0,0,0,0,0,0,0,0,0,0,0,0,0,0,0,0,0,0,0,0,0,0,0,0,0,0,0,0,50,0,8,0,101,101,356,0,0,0,0,-62,0,-101,0,-60,0,-198,0,-57,0,0,0,0,0,0,0,0,0,0,0,0,0,0]} 1. d4 d5 2. c4 c6 3. Nf3 Nf6 4. Nc3 dxc4 5. a4 Bf5 6. e3 e6 7. Bxc4 Bb4 8. O-O O-O 9. Nh4 Bg6 10. Nxg6 hxg6 11. Qb3 Qe7 12. Rd1 {D18: Slav Defence: 5 a4 Bf5 6 e3} a5 13. Qc2 Nbd7 14. h3 {White has an edge.} Rfd8 $146 ({Predecessor:} 14... Rac8 15. b3 Rfe8 16. Bb2 g5 17. Qe2 e5 18. Qf3 Nb6 19. Ne4 Nxe4 20. Qxe4 Nxc4 21. bxc4 exd4 22. Qxe7 Rxe7 23. Bxd4 Rd8 24. Bb6 Rdd7 25. Kh2 f6 {½-½ (25) Ikonnikov,V (2578)-Zoler,D (2474) Dieren 2010}) 15. Bb3 Rac8 16. Na2 Bd6 17. Bd2 b6 18. Be1 g5 19. Qe2 e5 20. Qf3 c5 {aiming for ...exd4.} 21. Bc3 $1 g6 22. dxe5 Nxe5 23. Bxe5 Bxe5 24. Nc3 Kg7 25. Rxd8 Rxd8 26. Rd1 Bxc3 27. bxc3 Rxd1+ 28. Qxd1 Qe5 29. Qc2 g4 30. hxg4 Nxg4 31. g3 Qh5 32. Qd2 Qh2+ 33. Kf1 Qh1+ 34. Ke2 Qg2 35. Qe1 $1 Ne5 36. Qd2 Ng4 (36... c4 $5 37. Bc2 $8 Qf3+ 38. Kf1 Qh1+ 39. Ke2 Qh5+ 40. Kf1 Qh3+ 41. Ke2 Qg4+ 42. Kf1 Nd3 $1 $11 {[%mdl 512]}) 37. Qe1 $1 Nf6 38. Bc2 Qd5 39. Qd2 Qe5 40. Qd3 Qh5+ 41. Ke1 Qh1+ 42. Ke2 Qh5+ 43. Ke1 Qf3 44. Qe2 Qh1+ 45. Kd2 Qd5+ 46. Ke1 Qh1+ 47. Kd2 Qd5+ 48. Ke1 Qa2 49. e4 {[%cal Be3e4,Be4e5][%mdl 32]} Qe6 50. e5 Nd7 51. f4 Qh3 52. Kf2 Qh2+ 53. Kf3 Qh1+ 54. Ke3 Qc1+ 55. Kd3 Nf8 56. Bb3 (56. Qd1 $5 {[%cal Rd1c1]} Qa3 57. Bb3 $11) 56... Qb1+ 57. Kc4 Ne6 (57... Qf5 $1 $11 {remains equal.} 58. Qf3 Qc8) 58. Qd3 $1 $16 {[%cal Rd3b1]} Qg1 $2 {[%mdl 8192]} (58... Qb2 $16) 59. Bc2 $2 (59. Kb5 $18) 59... Qg2 60. Bd1 Qb7 {...Qa6+ is the strong threat.} 61. Kb3 {[#]} (61. Be2 $11) 61... Qg2 ({Black should try} 61... c4+ $1 $15 {[%mdl 512]} 62. Qxc4 (62. Kxc4 Qa6+) 62... Qg2) 62. Ka3 {[#]} (62. Kc4 $11) 62... Qg1 (62... c4 $1 $17 {[%cal Rc4d3][%mdl 512]} 63. Qe3 (63. Qxc4 Qxg3) 63... Qh1) 63. Kb2 {[#]} ({Better is} 63. Kb3 $1 $11) 63... Qf2+ (63... c4 $1 $15 {[%mdl 512]} 64. Qf3 (64. Qxc4 Qxd1) 64... Nc5) 64. Ka3 $2 {[#]} (64. Kb3 $11 {and White is okay.}) 64... Qg1 $2 (64... c4 $1 $19 {[%cal Rc4d3][%mdl 512]} 65. Qxc4 Qxg3) 65. Kb2 {[#]} (65. Kb3 $11) 65... Qf2+ (65... c4 $1 $15 {[%mdl 512]} 66. Qf3 (66. Qxc4 Qxd1) 66... Qh2+ 67. Bc2 Nc5) 66. Bc2 {[#]The position is equal.} c4 $1 {[%mdl 512]} 67. Qd6 (67. Qxc4 Qxg3) 67... Nc5 68. Qf6+ Kg8 {And now ...Qd2 would win.} 69. Qd8+ Kg7 70. Qf6+ Kg8 {White must now prevent ...Qd2.} 71. Qd8+ Kg7 72. Qf6+ {Precision: White = 60%, Black = 57%.} 1/2-1/2

[Event "Elitserien Allsvenskan 2017-18"]
[Site "Lund"]
[Date "2017.10.21"]
[Round "2"]
[White "Hansen, Mads"]
[Black "Bator, Robert"]
[Result "1/2-1/2"]
[WhiteElo "2393"]
[BlackElo "2401"]
[Annotator "NA"]
[PlyCount "54"]
[EventDate "2017.??.??"]
[EventCountry "SWE"]
[SourceTitle "playchess.com"]
[Source "ChessBase"]
[SourceQuality "1"]
[TimeControl "40/5400+30:1800+30"]

1. e4 {[%emt 0:00:00]} c5 {[%emt 0:00:37]} 2. Nf3 {[%emt 0:00:00]} Nc6 {[%emt 0:01:24]} 3. d4 {[%emt 0:00:00]} cxd4 {[%emt 0:00:05]} 4. Nxd4 {[%emt 0:00:00]} e5 {[%emt 0:00:23]} 5. Nb5 {[%emt 0:00:00]} d6 {[%emt 0:00:12]} 6. c4 {[%emt 0:02:27]} Be7 {[%emt 0:01:14]} 7. N1c3 {[%emt 0:03:33]} a6 {[%emt 0:00:50]} 8. Na3 {[%emt 0:00:02]} f5 {[%emt 0:00:55]} 9. exf5 {[%emt 0:00:31]} Bxf5 {[%emt 0:00:08]} 10. Bd3 {[%emt 0:00:33]} Be6 $11 {[%emt 0:00:24]} 11. O-O {[%emt 0:03:17]} Nf6 {[%emt 0:02:30]} 12. Nc2 {[%emt 0:00:05]} O-O {[%emt 0:00:31]} 13. Ne3 {[%emt 0:04:01]} Qd7 {[%emt 0:00:44]} 14. b3 {[%emt 0:08:14]} Rae8 {[%emt 0:03:02]} 15. Bb2 {[%emt 0:05:28]} Bd8 {[%emt 0:03:05]} 16. Ncd5 {[%emt 0:02:46]} Ne7 {[%emt 0:07:41]} 17. Qc2 {[%emt 0:04:16]} Nexd5 {[%emt 0:16:56]} 18. cxd5 {[%emt 0:11:00]} Bf7 {[%emt 0:01:37]} 19. Bf5 {[%emt 0:07:56]} Qc7 {[%emt 0:01:23]} 20. Qd2 {[%emt 0:02:36]} Qb8 {[%emt 0:11:40]} 21. Ba3 {[%emt 0:07:14]} Bb6 {[%emt 0:01:44]} 22. Rad1 {[%emt 0:10:30]} Kh8 {[%emt 0:16:22]} 23. Ng4 {[%emt 0:07:02]} Nxg4 {[%emt 0:05:34]} 24. Bxg4 {[%emt 0:00:48]} Bd4 {[%emt 0:00:44]} 25. Qb4 {[%emt 0:03:51]} Bxd5 {[%emt 0:07:12]} 26. Qxd6 {[%emt 0:06:09]} Qxd6 {[%emt 0:02:20]} 27. Bxd6 {[%emt 0:00:01]} Rf4 {[%emt 0:00:11]} 1/2-1/2

[Event "Elitserien Allsvenskan 2017-18"]
[Site "Lund"]
[Date "2017.10.21"]
[Round "2"]
[White "Cramling, Dan"]
[Black "Agrest, Inna"]
[Result "0-1"]
[WhiteElo "2383"]
[BlackElo "2271"]
[Annotator "NA"]
[PlyCount "82"]
[EventDate "2017.??.??"]
[EventCountry "SWE"]
[SourceTitle "playchess.com"]
[Source "ChessBase"]
[SourceQuality "1"]
[TimeControl "40/5400+30:1800+30"]

1. d4 {[%emt 0:00:00]} Nf6 {[%emt 0:00:03]} 2. c4 {[%emt 0:00:00]} g6 {[%emt 0:00:04]} 3. Nc3 {[%emt 0:00:05]} Bg7 {[%emt 0:00:06]} 4. e4 {[%emt 0:00:13]} d6 {[%emt 0:00:04] LiveBook: 50393 Games} 5. Be2 $14 {[%emt 0:00:33]} O-O {[%emt 0:00:33]} 6. Nf3 {[%emt 0:00:41]} Nbd7 {[%emt 0:04:17]} 7. Be3 {[%emt 0:02:57]} e5 {[%emt 0:01:13]} 8. O-O {[%emt 0:05:22]} Re8 {[%emt 0:01:09]} 9. d5 {[%emt 0:00:50]} Nh5 {[%emt 0:02:01]} 10. g3 {[%emt 0:04:30]} Bf8 {[%emt 0:01:35]} 11. Ne1 {[%emt 0:11:48]} Ng7 {[%emt 0:01:21]} 12. Nd3 {[%emt 0:01:23]} Be7 {[%emt 0:06:11]} 13. f3 {[%emt 0:28:45]} f5 {[%emt 0:02:43]} 14. b4 {[%emt 0:04:48]} Nf6 {[%emt 0:12:43]} 15. c5 {[%emt 0:01:30]} h5 {[%emt 0:05:37]} 16. Kh1 {[%emt 0:06:19]} Rf8 {[%emt 0:06:55]} 17. Nf2 {[%emt 0:05:40]} Nh7 {[%emt 0:07:41]} 18. Rc1 {[%emt 0:05:03]} g5 {[%emt 0:11:29]} 19. Nb5 {[%emt 0:01:06]} f4 {[%emt 0:06:25]} 20. gxf4 {[%emt 0:01:10]} gxf4 {[%emt 0:01:39]} 21. Bd2 {[%emt 0:02:22]} Bh4 {[%emt 0:02:21]} 22. Nd3 {[%emt 0:06:06]} a6 {[%emt 0:04:40]} 23. Na3 {[%emt 0:00:10]} Ng5 {[%emt 0:04:19]} 24. Rg1 {[%emt 0:01:17]} Qf6 {[%emt 0:02:48]} 25. Nc4 {[%emt 0:02:56]} Bd7 {[%emt 0:03:37]} 26. cxd6 {[%emt 0:04:04]} cxd6 {[%emt 0:00:08]} 27. Nb6 {[%emt 0:00:10]} Rad8 {[%emt 0:00:12]} 28. Rc7 {[%emt 0:00:30]} Rf7 {[%emt 0:01:04]} 29. Rxb7 {[%emt 0:00:39]} Ba4 {[%emt 0:03:37]} 30. Qxa4 {[%emt 0:02:55]} Rxb7 {[%emt 0:00:08]} 31. Qxa6 {[%emt 0:00:07]} Rc7 {[%emt 0:02:45]} 32. Qa4 {[%emt 0:01:04]} Kh8 {[%emt 0:01:59]} 33. Qb3 {[%emt 0:00:29]} Rb8 {[%emt 0:01:18]} 34. Na4 {[%emt 0:00:21]} Nh3 {[%emt 0:01:55]} 35. Rg2 {[%emt 0:00:24]} Ne8 {[%emt 0:00:16]} 36. Bf1 {[%emt 0:00:32]} Ng5 {[%emt 0:00:51]} 37. Ndb2 {[%emt 0:00:45]} Rg7 {[%emt 0:01:42]} 38. Nd1 {[%emt 0:00:36]} Nc7 {[%emt 0:01:24]} 39. Nab2 {[%emt 0:00:45]} Rbg8 {[%emt 0:00:23]} 40. Qc4 {[%emt 0:00:33]} Nxf3 {[%emt 0:30:25]} 41. Qd3 Ng5 0-1

[Event "Elitserien Allsvenskan 2017-18"]
[Site "Lund"]
[Date "2017.10.21"]
[Round "2"]
[White "Ertan, Can"]
[Black "Rasmussen, Allan Stig"]
[Result "0-1"]
[WhiteElo "2373"]
[BlackElo "2542"]
[Annotator "TA"]
[PlyCount "18"]
[EventDate "2017.??.??"]
[EventCountry "SWE"]
[SourceTitle "playchess.com"]
[Source "ChessBase"]
[SourceQuality "1"]

{[%evp 11,18,31,47,40,60,61,52,30,47]} 1. e4 c6 2. d4 d5 3. e5 Bf5 4. Nf3 e6 5. Be2 Nd7 6. O-O h5 {LiveBook: 8 Games} 7. a4 {[%cal Ba2a4,Ba4a5][%mdl 32] B12: Caro-Kann: Advance Variation} (7. Nbd2 Nh6 8. Ne1 g5 9. Nb3 g4 10. Nd3 Be4 11. Nf4 Nf5 12. f3 gxf3 13. gxf3 Rg8+ 14. Ng2 Bxc2 15. Qxc2 {½-½ (38) Vachier Lagrave,M (2757)-Jobava,B (2717) Tashkent 2014}) 7... Nh6 $146 ({Predecessor:} 7... Be7 8. b3 Nh6 9. Ba3 g5 10. Bxe7 Qxe7 11. c4 g4 12. Ne1 f6 13. exf6 Qxf6 14. g3 dxc4 {0-1 (29) Karthik,V (2221)-Arun Prasad,S (2477) Kolkata 2014}) 8. a5 Be7 9. Nbd2 g5 {[%mdl 32768] Loss on Time!?} 0-1

[Event "Elitserien Allsvenskan 2017-18"]
[Site "Lund"]
[Date "2017.10.21"]
[Round "2"]
[White "Hedman, Erik"]
[Black "Eklund, Joel"]
[Result "*"]
[WhiteElo "2366"]
[BlackElo "2226"]
[Annotator "TA"]
[PlyCount "38"]
[EventDate "2017.??.??"]
[EventCountry "SWE"]
[SourceTitle "playchess.com"]
[Source "ChessBase"]
[SourceQuality "1"]

{[%evp 13,38,48,61,0,-14,-2,0,0,43,37,39,39,44,34,55,40,62,43,43,54,91,63,61,62,66,77,137]} 1. d4 Nf6 2. c4 c5 3. d5 e6 4. Nc3 exd5 5. cxd5 d6 6. Nf3 g6 7. Bf4 Bg7 {LiveBook: 640 Partien} 8. a4 {A61: Benoni} ({Besser ist} 8. e4 $14) (8. Qa4+ Bd7 9. Qb3 b5 10. Bxd6 Qb6 11. Be5 O-O 12. e3 c4 13. Qd1 b4 14. Nb1 Rc8 15. Nbd2 Bb5 16. a4 bxa3 17. Rxa3 Nbd7 18. Bd4 Qb7 19. d6 Bf8 20. Be2 Bxd6 {½-½ (30) Yilmaz,M (2633)-Adly,A (2625) Beirut 2017}) 8... O-O $146 ({Vorgänger:} 8... a6 9. e4 Bg4 10. Be2 Bxf3 11. Bxf3 O-O 12. O-O Qe7 13. Qc2 Nbd7 14. a5 Ne5 15. Be2 Nfd7 16. Be3 g5 17. Qd2 g4 18. Kh1 Kh8 19. f4 gxf3 20. gxf3 f5 21. exf5 Qh4 {0-1 (46) Lukacs,P (2440)-Groszpeter,A (2475) Kecskemet 1983}) 9. h3 Qe7 10. e3 {Die Stellung ist ausgeglichen.} Nbd7 11. Be2 Ne8 12. O-O a6 13. Nd2 f5 14. Re1 $36 {[%mdl 2048] Weiss hat gut koordiniertes Spiel.} Rb8 15. Qb3 g5 16. Bh2 Qd8 17. a5 f4 18. exf4 gxf4 19. Ra4 b5 {Precision: Weiß = 56%, Schwarz = 46%.} (19... Be5 $142) *

[Event "Elitserien Allsvenskan 2017-18"]
[Site "Lund"]
[Date "2017.10.21"]
[Round "2"]
[White "Hjelm, Niclas"]
[Black "Backlund, Anders"]
[Result "1/2-1/2"]
[WhiteElo "2358"]
[BlackElo "2321"]
[Annotator "NA"]
[PlyCount "106"]
[EventDate "2017.??.??"]
[EventCountry "SWE"]
[SourceTitle "playchess.com"]
[Source "ChessBase"]
[SourceQuality "1"]
[TimeControl "40/5400+30:1800+30"]

1. d4 {[%emt 0:00:00]} Nf6 {[%emt 0:05:53]} 2. c4 {[%emt 0:00:26]} g6 {[%emt 0:00:09]} 3. Nc3 {[%emt 0:01:01]} d5 {[%emt 0:00:09]} 4. Nf3 {[%emt 0:01:46]} Bg7 {[%emt 0:00:13]} 5. Qb3 {[%emt 0:02:53]} dxc4 {[%emt 0:00:25]} 6. Qxc4 {[%emt 0:00:08]} O-O {[%emt 0:00:32]} 7. e4 {[%emt 0:00:18]} c6 {[%emt 0:03:21]} 8. Be2 {[%emt 0:04:04]} Nbd7 {[%emt 0:02:26]} 9. O-O {[%emt 0:02:06]} Nb6 {[%emt 0:06:14]} 10. Qd3 {[%emt 0:01:40]} Be6 {[%emt 0:07:01]} 11. Rd1 {[%emt 0:08:55]} Bc4 {[%emt 0:05:37]} 12. Qc2 {[%emt 0:00:58]} Bxe2 {[%emt 0:00:39]} 13. Qxe2 {[%emt 0:00:35]} Qc8 {[%emt 0:04:48]} 14. Bf4 {[%emt 0:07:49]} Nh5 {[%emt 0:11:23]} 15. Be3 {[%emt 0:04:28]} f5 {[%emt 0:05:19]} 16. exf5 {[%emt 0:13:48]} Qxf5 {[%emt 0:00:42]} 17. Re1 {[%emt 0:00:51]} Rae8 {[%emt 0:02:43]} 18. Rad1 {[%emt 0:03:21]} e6 {[%emt 0:05:11]} 19. Bc1 {[%emt 0:02:57]} Nf4 {[%emt 0:05:53]} 20. Bxf4 {[%emt 0:02:16]} Qxf4 {[%emt 0:00:13]} 21. h3 {[%emt 0:02:52]} Rf5 {[%emt 0:09:05]} 22. Rd3 {[%emt 0:04:18]} Nd5 {[%emt 0:06:49]} 23. Nxd5 {[%emt 0:01:39]} Rxd5 {[%emt 0:00:21]} 24. Re3 {[%emt 0:08:36]} Qd6 {[%emt 0:04:51]} 25. Rxe6 {[%emt 0:05:28]} Rxe6 {[%emt 0:00:14]} 26. Qxe6+ {[%emt 0:00:07]} Qxe6 {[%emt 0:00:08]} 27. Rxe6 {[%emt 0:00:08]} Bxd4 {[%emt 0:01:35]} 28. Nxd4 {[%emt 0:10:16]} Rxd4 {[%emt 0:00:11]} 29. Re7 {[%emt 0:00:46]} Rb4 {[%emt 0:03:00]} 30. b3 {[%emt 0:00:32]} a5 {[%emt 0:02:05]} 31. Kh2 {[%emt 0:00:58]} a4 {[%emt 0:03:46]} 32. bxa4 {[%emt 0:00:13]} Rxa4 {[%emt 0:00:10]} 33. Rxb7 {[%emt 0:00:13]} Rxa2 {[%emt 0:00:10]} 34. Kg3 {[%emt 0:00:27]} c5 {[%emt 0:01:20]} 35. Rc7 {[%emt 0:00:51]} Rc2 {[%emt 0:00:17]} 36. Kf3 {[%emt 0:02:17]} h5 {[%emt 0:01:33]} 37. h4 {[%emt 0:01:20]} c4 {[%emt 0:00:49]} 38. Ke3 {[%emt 0:01:25]} c3 {[%emt 0:01:25]} 39. g3 {[%emt 0:01:16]} Kf8 {[%emt 0:00:43]} 40. f3 {[%emt 0:01:34]} Rg2 {[%emt 0:31:03]} 41. Kf4 {[%emt 0:33:41]} c2 {[%emt 0:00:46]} 42. g4 {[%emt 0:00:46]} hxg4 {[%emt 0:00:00]} 43. fxg4 {[%emt 0:00:00]} Ke8 {[%emt 0:00:00]} 44. h5 {[%emt 0:00:00]} gxh5 {[%emt 0:00:00]} 45. gxh5 {[%emt 0:00:00]} Kd8 {[%emt 0:00:00]} 46. Rc3 {[%emt 0:00:00]} Ke7 {[%emt 0:00:00]} 47. h6 {[%emt 0:00:00]} Kf7 {[%emt 0:00:00]} 48. h7 {[%emt 0:00:00]} Kg7 {[%emt 0:00:00]} 49. Rc7+ {[%emt 0:00:00]} Kh8 {[%emt 0:00:00]} 50. Ke3 {[%emt 0:00:00]} Rh2 {[%emt 0:00:00]} 51. Kd3 {[%emt 0:00:00]} Rg2 {[%emt 0:00:00]} 52. Rxc2 {[%emt 0:00:00]} Rxc2 {[%emt 0:00:00]} 53. Kxc2 {[%emt 0:00:00]} Kxh7 1/2-1/2

[Event "Elitserien Allsvenskan 2017-18"]
[Site "Lund"]
[Date "2017.10.21"]
[Round "2"]
[White "Ornstein, Axel"]
[Black "Lokander, Martin"]
[Result "1/2-1/2"]
[WhiteElo "2344"]
[BlackElo "2368"]
[Annotator "ChessBase"]
[PlyCount "20"]
[EventDate "2017.??.??"]
[EventCountry "SWE"]
[SourceTitle "playchess.com"]
[Source "ChessBase"]
[SourceQuality "1"]
[TimeControl "40/5400+30:1800+30"]

1. Nf3 {[%emt 0:01:21]} d5 {[%emt 0:01:21]} 2. g3 {[%emt 0:00:53]} Nd7 {[%emt 0:01:16]} 3. d4 {[%emt 0:01:11]} b5 {[%emt 0:00:11]} 4. Bg2 {[%emt 0:01:16]} Bb7 {[%emt 0:00:32]} 5. O-O {[%emt 0:00:24]} Ngf6 {[%emt 0:00:12]} 6. Nbd2 {[%emt 0:02:57]} e6 {[%emt 0:00:07]} 7. b3 {[%emt 0:00:10]} c5 {[%emt 0:02:02]} 8. c4 {[%emt 0:03:18]} bxc4 {[%emt 0:00:58]} 9. bxc4 {[%emt 0:00:08]} dxc4 {[%emt 0:00:30]} 10. Nxc4 {[%emt 0:01:49]} Be7 {[%emt 0:00:24]} 1/2-1/2

[Event "Elitserien Allsvenskan 2017-18"]
[Site "Lund"]
[Date "2017.10.21"]
[Round "2"]
[White "Ziegler, Ari"]
[Black "Grandell, Anders"]
[Result "1/2-1/2"]
[WhiteElo "2319"]
[BlackElo "2224"]
[Annotator "NA"]
[PlyCount "128"]
[EventDate "2017.??.??"]
[EventCountry "SWE"]
[SourceTitle "playchess.com"]
[Source "ChessBase"]
[SourceQuality "1"]
[TimeControl "40/5400+30:1800+30"]

1. e4 {[%emt 0:00:00]} c5 {[%emt 0:00:13]} 2. Nf3 {[%emt 0:00:00]} Nc6 {[%emt 0:00:03]} 3. Bb5 {[%emt 0:00:00]} e6 {[%emt 0:00:05]} 4. b3 {[%emt 0:02:35]} Nge7 {[%emt 0:09:08]} 5. Bb2 {[%emt 0:03:48]} a6 {[%emt 0:01:18]} 6. Bxc6 {[%emt 0:01:36]} Nxc6 {[%emt 0:00:21]} 7. e5 {[%emt 0:08:53]} d6 {[%emt 0:07:35]} 8. exd6 {[%emt 0:03:27]} Bxd6 {[%emt 0:00:51]} 9. Bxg7 {[%emt 0:05:42]} Rg8 {[%emt 0:00:08]} 10. Bb2 {[%emt 0:00:17]} Rxg2 {[%emt 0:00:33]} 11. Qe2 {[%emt 0:00:41]} Nd4 {[%emt 0:06:22]} 12. Nxd4 {[%emt 0:03:32]} cxd4 {[%emt 0:00:43]} 13. Bxd4 {[%emt 0:07:27]} Qh4 {[%emt 0:05:05]} 14. Be3 {[%emt 0:03:16]} Bd7 {[%emt 0:11:43]} 15. Nc3 {[%emt 0:10:06]} Bc6 {[%emt 0:03:33]} 16. O-O-O {[%emt 0:01:56]} O-O-O {[%emt 0:00:27]} 17. h3 {[%emt 0:05:09]} Rg6 {[%emt 0:08:03]} 18. f3 {[%emt 0:03:29]} Qh5 {[%emt 0:00:43]} 19. Rhf1 {[%emt 0:10:23]} Qxh3 {[%emt 0:08:04]} 20. Bb6 {[%emt 0:00:22]} Rdg8 {[%emt 0:02:47]} 21. Ne4 {[%emt 0:02:13]} Ba3+ {[%emt 0:01:23]} 22. Kb1 {[%emt 0:00:09]} Qf5 {[%emt 0:03:34]} 23. Qh2 {[%emt 0:04:21]} e5 {[%emt 0:03:03]} 24. Qxh7 {[%emt 0:00:35]} Qe6 {[%emt 0:04:54]} 25. Nc3 {[%emt 0:12:09]} R6g7 {[%emt 0:05:53]} 26. Qh5 {[%emt 0:03:29]} f5 {[%emt 0:01:07]} 27. d4 {[%emt 0:02:44]} Be8 {[%emt 0:00:46]} 28. Qh3 {[%emt 0:00:56]} Qxb6 {[%emt 0:02:02]} 29. Qxf5+ {[%emt 0:00:41]} Bd7 {[%emt 0:00:06]} 30. Qxe5 {[%emt 0:00:13]} Bd6 {[%emt 0:00:49]} 31. Qe4 {[%emt 0:01:05]} Re8 {[%emt 0:01:40]} 32. Qd3 {[%emt 0:00:23]} Kb8 {[%emt 0:03:04]} 33. Rg1 {[%emt 0:01:53]} Rxg1 {[%emt 0:01:01]} 34. Rxg1 {[%emt 0:00:01]} Qa5 {[%emt 0:01:08]} 35. Ne4 {[%emt 0:02:34]} Bf5 {[%emt 0:02:12]} 36. a4 {[%emt 0:00:29]} Bf4 {[%emt 0:01:36]} 37. Rh1 {[%emt 0:00:23]} Qd5 {[%emt 0:02:37]} 38. Re1 {[%emt 0:00:01]} Rd8 {[%emt 0:01:41]} 39. Rd1 {[%emt 0:00:31]} Bc7 {[%emt 0:00:58]} 40. Qe3 {[%emt 0:01:24]} Qc6 {[%emt 0:32:14]} 41. Re1 {[%emt 0:05:40]} Ka8 {[%emt 0:00:00]} 42. Kb2 {[%emt 0:00:39]} Bb6 {[%emt 0:00:00]} 43. c3 {[%emt 0:00:41]} Rc8 {[%emt 0:00:00]} 44. Rc1 {[%emt 0:00:24]} Re8 {[%emt 0:00:00]} 45. Re1 {[%emt 0:00:07]} Bc7 {[%emt 0:00:00]} 46. Re2 {[%emt 0:00:29]} Qg6 {[%emt 0:00:00]} 47. Ka2 {[%emt 0:01:29]} Qh7 {[%emt 0:00:00]} 48. Kb2 {[%emt 0:01:17]} Qh4 {[%emt 0:00:00]} 49. Qd3 {[%emt 0:01:48]} Bf4 {[%emt 0:00:00]} 50. Ka2 {[%emt 0:05:58]} Qh1 {[%emt 0:00:00]} 51. Kb2 {[%emt 0:03:26]} Rg8 {[%emt 0:00:00]} 52. b4 {[%emt 0:07:25]} Qc1+ {[%emt 0:01:00]} 53. Kb3 {[%emt 0:00:10]} Qf1 {[%emt 0:03:10]} 54. b5 {[%emt 0:02:37]} Ka7 {[%emt 0:02:19]} 55. d5 {[%emt 0:00:36]} Bc7 {[%emt 0:01:05]} 56. Rd2 {[%emt 0:01:33]} Qa1 {[%emt 0:00:30]} 57. Ra2 {[%emt 0:00:16]} Qg1 {[%emt 0:00:28]} 58. a5 {[%emt 0:00:41]} Bxe4 {[%emt 0:00:42]} 59. fxe4 {[%emt 0:00:31]} axb5 {[%emt 0:00:25]} 60. Qxb5 {[%emt 0:01:02]} Qb1+ {[%emt 0:00:23]} 61. Rb2 {[%emt 0:00:21]} Qd1+ {[%emt 0:00:40]} 62. Ka2 {[%emt 0:00:28]} Rb8 {[%emt 0:00:13]} 63. Qc5+ {[%emt 0:01:28]} Ka8 {[%emt 0:00:05]} 64. Qxc7 {[%emt 0:00:16]} Qa4+ 1/2-1/2

[Event "Elitserien Allsvenskan 2017-18"]
[Site "Lund"]
[Date "2017.10.21"]
[Round "2"]
[White "Kucuksari, Kaan"]
[Black "Cederberg, Karl-Olof"]
[Result "1-0"]
[WhiteElo "2315"]
[BlackElo "2161"]
[Annotator "NA"]
[PlyCount "77"]
[EventDate "2017.??.??"]
[EventCountry "SWE"]
[SourceTitle "playchess.com"]
[Source "ChessBase"]
[SourceQuality "1"]
[TimeControl "40/5400+30:1800+30"]

1. d4 {[%emt 0:00:00]} Nf6 {[%emt 0:00:06]} 2. Nf3 {[%emt 0:00:00]} e6 {[%emt 0:02:35]} 3. c4 {[%emt 0:00:00]} Bb4+ {[%emt 0:00:14]} 4. Nbd2 {[%emt 0:00:00]} Nc6 {[%emt 0:05:30]} 5. a3 {[%emt 0:01:34]} Bxd2+ {[%emt 0:00:07]} 6. Bxd2 $14 {[%emt 0:01:14]} d6 {[%emt 0:00:04]} 7. Bg5 {[%emt 0:02:49]} Qe7 {[%emt 0:03:49]} 8. e3 {[%emt 0:01:02]} e5 {[%emt 0:00:21]} 9. Be2 {[%emt 0:01:34]} h6 {[%emt 0:03:56]} 10. Bh4 {[%emt 0:06:12]} O-O {[%emt 0:00:45]} 11. O-O {[%emt 0:02:25]} Re8 {[%emt 0:02:30]} 12. Re1 {[%emt 0:01:04]} a5 {[%emt 0:11:11]} 13. b3 {[%emt 0:04:25]} Bf5 {[%emt 0:03:40]} 14. h3 {[%emt 0:02:36]} g5 {[%emt 0:04:45]} 15. Bg3 {[%emt 0:00:32]} Ne4 {[%emt 0:00:42]} 16. Bd3 {[%emt 0:02:55]} Nxg3 {[%emt 0:00:12]} 17. fxg3 {[%emt 0:02:20]} e4 {[%emt 0:00:13]} 18. Bc2 {[%emt 0:00:29]} Bg6 {[%emt 0:08:32]} 19. Nd2 {[%emt 0:00:52]} f5 {[%emt 0:00:11]} 20. g4 {[%emt 0:03:59]} f4 {[%emt 0:12:55]} 21. exf4 {[%emt 0:08:27]} gxf4 {[%emt 0:00:25]} 22. Bxe4 {[%emt 0:05:28]} Bxe4 {[%emt 0:01:01]} 23. Rxe4 {[%emt 0:00:27]} Qf6 {[%emt 0:00:11]} 24. Rxe8+ {[%emt 0:01:38]} Rxe8 {[%emt 0:00:05]} 25. Nf3 {[%emt 0:00:13]} Re3 {[%emt 0:01:26]} 26. Qd2 {[%emt 0:06:48]} Rxb3 {[%emt 0:05:21]} 27. Re1 {[%emt 0:02:29]} Rxa3 {[%emt 0:00:54]} 28. Re8+ {[%emt 0:04:25]} Kg7 {[%emt 0:05:25]} 29. Rc8 {[%emt 0:07:08]} Rb3 {[%emt 0:18:10]} 30. Rxc7+ {[%emt 0:02:23]} Kf8 {[%emt 0:00:31]} 31. Kh2 {[%emt 0:14:33]} a4 {[%emt 0:07:13]} 32. Qc2 {[%emt 0:01:21]} Ne7 {[%emt 0:00:24]} 33. Qa2 {[%emt 0:02:44]} Qe6 {[%emt 0:01:38]} 34. d5 {[%emt 0:02:45]} Qf6 {[%emt 0:01:43]} 35. Qc2 {[%emt 0:03:35]} Kg8 {[%emt 0:00:19]} 36. Rd7 {[%emt 0:02:44]} Kf8 {[%emt 0:00:42]} 37. c5 {[%emt 0:01:32]} Rc3 {[%emt 0:00:37]} 38. Qh7 {[%emt 0:01:58]} Rxc5 {[%emt 0:00:03]} 39. Rd8# {[%emt 0:00:03]} 1-0